Yu-Gi-Oh! Groups of Things - Statistics

General Stats
  • This quiz has been taken 198 times
    196 since last reset
  • The average score is 38 of 53
Answer Stats
Hints Answer % Correct
Millennium Items Millennium Eye
95%
Millennium Puzzle
95%
Egyptian God Cards Obelisk the Tormentor
95%
Slifer the Sky Dragon
92%
Fire
91%
Water
91%
Yu-Gi-Oh! 5D's
91%
Yu-Gi-Oh! GX
91%
The Winged Dragon of Ra
89%
Series Yu-Gi-Oh!
88%
Attributes Dark
87%
Light
87%
Yu-Gi-Oh! Zexal
87%
Wind
86%
Earth
85%
Millennium Ring
84%
Millennium Necklace
82%
Warrior
82%
Beast
81%
Phases Draw Phase
81%
Millennium Rod
81%
Dragon
80%
Battle Phase
78%
Yu-Gi-Oh! Arc-V
78%
End Phase
77%
Spellcaster
76%
Standby Phase
75%
Beast-Warrior
72%
Machine
72%
Main Phase 1
71%
Main Phase 2
70%
Winged Beast
69%
Types Aqua
67%
Fiend
67%
Millennium Key
65%
Zombie
65%
Yu-Gi-Oh! VRAINS
64%
Fairy
63%
Fish
63%
Sea Serpent
62%
Pyro
61%
Dinosaur
60%
Rock
60%
Divine Beast
57%
Insect
56%
Wyrm
52%
Cyberse
48%
Millennium Scales
46%
Plant
46%
Psychic
46%
Reptile
46%
Thunder
44%
Creator God
13%
No matching quizzes found
Score Distribution
Percent of People with Each Score
Percentile by Number Answered
Your Score History
You have not taken this quiz since the last reset